Normal view
MARC view
- Muniba Ayub (00000275109)
Entry Personal Name
001 - CONTROL NUMBER
- control field: 116768
003 - CONTROL NUMBER IDENTIFIER
- control field: NUST
005 - DATE AND TIME OF LATEST TRANSACTION
- control field: 20230912170037.0
008 - FIXED-LENGTH DATA ELEMENTS
- fixed length control field: 230912|| aca||aabn | a|a d
040 ## - CATALOGING SOURCE
- Original cataloging agency: NUST
- Transcribing agency: NUST
100 ## - HEADING--PERSONAL NAME
- Personal name: Muniba Ayub (00000275109)
670 ## - SOURCE DATA FOUND
- Source citation: Work cat.: (NUST): Muniba Ayub (00000275109), Comparative study of Ruthenium complexes with organic sensitizer in ZnO based DSSC /, 2022
